000
00298nam a22001337a 4500
008
170524b xxu||||| |||| 00| 0 eng d
020
_a
070022422-X
041
_a
eng
080
_2
3RD
_a
621
100
_a
26
101
_a
IM
245
_a
PRINCIPLES OF HEAT TRANSFER
_c
KREITH, F
942
_2
udc
_c
BK
999
_c
14182
_d
14182